000
00186 a2200097 4500
020
_a
9780446570978
041
_a
eng
100
_a
Sparks, Nicholas
245
_a
The last song0
942
_c
BK
999
_c
9127
_d
9127